00389nam a2200145Ia 4500008004100000020001500041041000800056082001500064100002600079245005300105250000600158260003000164300000800194650004100202210716s2005 xx 000 0 und d a8181284593 aeng a005.2 DANS aDandamudi, Sivaram P. aGuide to assembly language programming in linux. a1 aNew DelhibSpringerc2005 a542 aProgg For Specific Types Of Computer